[Event "European Blitz Championship 2021"]
[Site "Katowice"]
[Date "2021.12.17"]
[Round "8.6"]
[White "Sokolowski, Jacek"]
[Black "Kos, Pawel"]
[Result "0-1"]
[WhiteElo "2043"]
[BlackElo "2234"]
[Annotator "ChessBase"]
[PlyCount "86"]
[EventDate "2021.12.17"]
[EventType "swiss"]
[EventCountry "POL"]
[SourceTitle "playchess.com"]
[Source "ChessBase"]
[SourceQuality "1"]

1. e4 e5 2. Nc3 Nc6 3. g3 g6 4. Bg2 Bg7 5. Nge2 Nf6 6. O-O O-O 7. d3 Nd4 8.
Nxd4 exd4 9. Ne2 d5 10. e5 Ng4 11. Nxd4 Nxe5 12. Bf4 c5 13. Nb3 b6 14. d4 Nc4
15. dxc5 Bb7 16. c6 Bxc6 17. Nd4 Bb7 18. Rb1 Rc8 19. c3 Nd6 20. Bxd6 Qxd6 21.
Re1 Qc5 22. Nb3 Qc4 23. Qd2 Rc7 24. Rbd1 Rd8 25. Qg5 Rcd7 26. Bh3 f5 27. Re7
Qc7 28. Rde1 Rxe7 29. Rxe7 Rd7 30. Re8+ Kf7 31. Re1 d4 32. cxd4 Qc6 33. f3 Qxf3
34. Qd2 Bxd4+ 35. Nxd4 Qh1+ 36. Kf2 Qxh2+ 37. Ke3 Qxd2+ 38. Kxd2 Rxd4+ 39. Kc3
Rd5 40. Bg2 Rc5+ 41. Kb4 Bxg2 42. Rd1 Ke6 43. Rd8 a5+ 0-1

[Event "European Blitz Championship 2021"]
[Site "Katowice"]
[Date "2021.12.17"]
[Round "8.7"]
[White "Janaszak, Dawid"]
[Black "Malek, Jan"]
[Result "0-1"]
[WhiteElo "2328"]
[BlackElo "1838"]
[Annotator "ChessBase"]
[PlyCount "94"]
[EventDate "2021.12.17"]
[EventType "swiss"]
[EventCountry "POL"]
[SourceTitle "playchess.com"]
[Source "ChessBase"]
[SourceQuality "1"]

1. d4 Nf6 2. Nf3 d5 3. Bf4 c5 4. e3 Nc6 5. Nbd2 Bf5 6. c3 e6 7. Bb5 Qb6 8. Qa4
Nd7 9. O-O h6 10. Ne5 Ndxe5 11. Bxe5 a6 12. Bxc6+ bxc6 13. dxc5 Qxc5 14. Nb3
Qb5 15. Qxb5 axb5 16. Nd4 Kd7 17. Nxf5 exf5 18. a3 f6 19. Bg3 h5 20. h4 Bc5 21.
Rfd1 Ke6 22. Kf1 g5 23. Rd2 Ra6 24. Re1 Ra4 25. f3 Rg8 26. Bf2 Bd6 27. Rd4 Be5
28. Rxa4 bxa4 29. e4 fxe4 30. fxe4 gxh4 31. Bxh4 dxe4 32. Rxe4 Rg4 33. Rxg4
hxg4 34. Ke2 Kd5 35. Kd3 c5 36. Bf2 c4+ 37. Ke2 Ke4 38. Bc5 f5 39. Bb6 f4 40.
Bc5 f3+ 41. gxf3+ gxf3+ 42. Kf1 Bf4 43. Kf2 Bc1 44. Kf1 Bxb2 45. Bb4 Bc1 46.
Bc5 Be3 47. Bb4 Kd3 0-1

[Event "European Blitz Championship 2021"]
[Site "Katowice"]
[Date "2021.12.17"]
[Round "8.7"]
[White "Szpar, Milosz"]
[Black "Kyc, Jerzy"]
[Result "1-0"]
[WhiteElo "2285"]
[BlackElo "2250"]
[Annotator "ChessBase"]
[PlyCount "118"]
[EventDate "2021.12.17"]
[EventType "swiss"]
[EventCountry "POL"]
[SourceTitle "playchess.com"]
[Source "ChessBase"]
[SourceQuality "1"]

1. e4 c5 2. Nf3 a6 3. c4 Nc6 4. d4 cxd4 5. Nxd4 Nf6 6. Nc3 d6 7. Be2 g6 8. O-O
Bg7 9. Be3 O-O 10. Qd2 Nxd4 11. Bxd4 Be6 12. Rac1 Qa5 13. f3 Rac8 14. b3 b5 15.
cxb5 axb5 16. Rfd1 b4 17. Nb5 Nd7 18. Bxg7 Kxg7 19. Nd4 Nc5 20. Bc4 Bxc4 21.
Rxc4 e5 22. Ne2 Ra8 23. Qxd6 Ne6 24. Qxb4 Qxa2 25. Rd2 Qa7+ 26. Kf1 Rab8 27.
Qc3 Kg8 28. g3 Qa3 29. b4 Qa4 30. Kg2 Rfd8 31. Rxd8+ Rxd8 32. Rc8 Qd1 33. Rxd8+
Nxd8 34. Kf2 Ne6 35. Qxe5 Qh1 36. g4 Qb1 37. b5 Qb4 38. Qb8+ Kg7 39. Qe5+ Kg8
40. Qd5 Nc5 41. Qd8+ Kg7 42. Qd4+ Qxd4+ 43. Nxd4 Kf6 44. Ke3 Ke5 45. f4+ Kd6
46. Nf3 f6 47. g5 fxg5 48. Nxg5 h5 49. Kd4 Nb3+ 50. Kc4 Nd2+ 51. Kb4 Nf1 52.
e5+ Kd5 53. b6 Kc6 54. Ka5 Ne3 55. Ka6 Nd5 56. b7 Nc7+ 57. Ka7 Nb5+ 58. Ka8
Nc7+ 59. Kb8 Kd5 1-0

[Event "European Blitz Championship 2021"]
[Site "Katowice"]
[Date "2021.12.17"]
[Round "8.8"]
[White "Andersen, Mads"]
[Black "Sowinski, Pawel"]
[Result "1-0"]
[WhiteElo "2575"]
[BlackElo "1548"]
[Annotator "ChessBase"]
[PlyCount "65"]
[EventDate "2021.12.17"]
[EventType "swiss"]
[EventCountry "POL"]
[SourceTitle "playchess.com"]
[Source "ChessBase"]
[SourceQuality "1"]

1. Nf3 Nf6 2. g3 c5 3. Bg2 Nc6 4. O-O g6 5. c3 Bg7 6. d4 cxd4 7. cxd4 d5 8. Ne5
O-O 9. Nxc6 bxc6 10. Nc3 Nd7 11. Bf4 e5 12. dxe5 Nxe5 13. Rc1 Ba6 14. Na4 Re8
15. Nc5 Bc8 16. b3 Nd7 17. Nd3 Bb7 18. Re1 Rc8 19. e4 d4 20. b4 Qb6 21. e5 Ba6
22. Bh3 Bxd3 23. Bxd7 Bf5 24. Bxf5 gxf5 25. Rc4 c5 26. bxc5 Rxc5 27. Rxd4 Bxe5
28. Bxe5 Rcxe5 29. Rxe5 Rxe5 30. Rd8+ Kg7 31. Rd7 Qe6 32. Qd4 Kg6 33. Rd6 1-0

[Event "European Blitz Championship 2021"]
[Site "Katowice"]
[Date "2021.12.17"]
[Round "8.8"]
[White "Kozak, Antoni"]
[Black "Blohberger, Felix"]
[Result "0-1"]
[WhiteElo "2272"]
[BlackElo "2490"]
[Annotator "ChessBase"]
[PlyCount "105"]
[EventDate "2021.12.17"]
[EventType "swiss"]
[EventCountry "POL"]
[SourceTitle "playchess.com"]
[Source "ChessBase"]
[SourceQuality "1"]

1. d4 Nf6 2. Nf3 e6 3. e3 c5 4. Bd3 b6 5. b3 Bb7 6. Bb2 Nc6 7. Nbd2 d5 8. O-O
Be7 9. Ne5 Rc8 10. a3 Nxe5 11. dxe5 Nd7 12. c4 O-O 13. f4 g6 14. Nf3 dxc4 15.
bxc4 Nb8 16. Qe2 Nc6 17. Rad1 Qc7 18. g4 Rcd8 19. f5 Rfe8 20. Qf2 Bf8 21. f6
Na5 22. Be2 Rxd1 23. Rxd1 Rd8 24. Qe1 Rxd1 25. Qxd1 Bxf3 26. Bxf3 Nxc4 27. Bc3
Nxe5 28. Bg2 Nc4 29. Qd3 b5 30. a4 a6 31. Be1 Qe5 32. Bf2 Qxf6 33. Bb7 Qa1+ 34.
Kg2 Qxa4 35. Qd8 Qc2 36. e4 Qd2 37. Qf6 a5 38. Bc6 Qb2 39. Qf3 Ne5 40. Qf6 Nd3
41. Qxb2 Nxb2 42. Bxb5 a4 43. Be1 a3 44. Bc3 Bg7 45. e5 Nd1 46. Ba1 Ne3+ 47.
Kf3 Nc2 48. Bc3 a2 49. Ba4 a1=Q 50. Bxa1 Nxa1 51. Ke4 c4 52. Bb5 c3 53. Kd4 0-1

[Event "European Blitz Championship 2021"]
[Site "Katowice"]
[Date "2021.12.17"]
[Round "8.9"]
[White "Sadzikowski, Daniel"]
[Black "Grabarczyk, Miroslaw"]
[Result "1/2-1/2"]
[WhiteElo "2525"]
[BlackElo "2279"]
[Annotator "ChessBase"]
[PlyCount "122"]
[EventDate "2021.12.17"]
[EventType "swiss"]
[EventCountry "POL"]
[SourceTitle "playchess.com"]
[Source "ChessBase"]
[SourceQuality "1"]

1. c4 e6 2. Nc3 d5 3. d4 Be7 4. Nf3 Nf6 5. g3 O-O 6. Bg2 dxc4 7. Ne5 Nbd7 8.
Nxc4 Nb6 9. Ne5 c5 10. dxc5 Qxd1+ 11. Nxd1 Bxc5 12. O-O Rd8 13. Bg5 h6 14. Bxf6
gxf6 15. Nd3 Be7 16. Rc1 Rb8 17. Ne3 Bd7 18. Nc5 Bxc5 19. Rxc5 Na4 20. Rc2 Rdc8
21. Rd2 Bc6 22. Rfd1 Bxg2 23. Kxg2 Rc7 24. Ng4 Kg7 25. f4 h5 26. Nf2 Rbc8 27.
Ne4 Rc2 28. b3 Rxd2 29. Rxd2 Nb6 30. Nd6 Rb8 31. Rc2 Nd5 32. Kf3 Kf8 33. e4 Ne7
34. Rc7 Rd8 35. Nxb7 Rd2 36. Nc5 Rxa2 37. h4 f5 38. Nd7+ Kg7 39. Ne5 Kf8 40.
exf5 exf5 41. Rb7 a5 42. Nc4 a4 43. bxa4 Rxa4 44. Ne5 Ra3+ 45. Kg2 f6 46. Nf3
Ra2+ 47. Kh3 Nd5 48. Nd4 Ne3 49. Rb3 Nf1 50. Nf3 Kg7 51. Rb1 Ne3 52. Re1 Ng4
53. Rf1 Nf2+ 54. Kg2 Ne4+ 55. Kh3 Ra3 56. Kg2 Ra2+ 57. Kh3 Kg6 58. Nd4 Nf2+ 59.
Kg2 Ng4+ 60. Kg1 Ne3 61. Re1 Rg2+ 1/2-1/2

[Event "European Blitz Championship 2021"]
[Site "Katowice"]
[Date "2021.12.17"]
[Round "8.9"]
[White "Woloch, Oskar"]
[Black "Reimanis, Ritvars"]
[Result "0-1"]
[WhiteElo "2053"]
[BlackElo "2397"]
[Annotator "ChessBase"]
[PlyCount "62"]
[EventDate "2021.12.17"]
[EventType "swiss"]
[EventCountry "POL"]
[SourceTitle "playchess.com"]
[Source "ChessBase"]
[SourceQuality "1"]

1. d4 e6 2. c4 d5 3. Nf3 c6 4. Qc2 f5 5. h3 Nf6 6. Bg5 Be7 7. Bxf6 Bxf6 8. e3
O-O 9. Nbd2 b6 10. g4 g6 11. Bd3 Kh8 12. O-O-O Bb7 13. Rdg1 c5 14. dxc5 Na6 15.
Be2 Rc8 16. Kb1 Rxc5 17. h4 fxg4 18. h5 g5 19. Rxg4 Nb4 20. Qb3 Nc6 21. h6 Na5
22. Qb4 Nxc4 23. Nxc4 dxc4 24. Rxc4 Bxf3 25. Rd1 Qa8 26. Rxc5 bxc5 27. Qc4 Qe4+
28. Qxe4 Bxe4+ 29. Kc1 Bd5 30. f3 g4 31. e4 gxf3 0-1

[Event "European Blitz Championship 2021"]
[Site "Katowice"]
[Date "2021.12.17"]
[Round "8.10"]
[White "Vetoshko, Volodymyr"]
[Black "Kulon, Klaudia"]
[Result "1-0"]
[WhiteElo "2525"]
[BlackElo "2265"]
[Annotator "ChessBase"]
[PlyCount "100"]
[EventDate "2021.12.17"]
[EventType "swiss"]
[EventCountry "POL"]
[SourceTitle "playchess.com"]
[Source "ChessBase"]
[SourceQuality "1"]

1. e4 e5 2. Nf3 Nc6 3. Bc4 Nf6 4. d3 h6 5. O-O d6 6. c3 g6 7. Bb3 Bg7 8. Nbd2
O-O 9. Re1 Na5 10. Bc2 c5 11. Nf1 Nc6 12. a3 Be6 13. Ng3 Kh7 14. h3 b5 15. Be3
Qe7 16. d4 cxd4 17. cxd4 Bd7 18. Qd2 Rfd8 19. d5 Nb8 20. Bd3 Rc8 21. Qa5 Qd8
22. Qb4 a5 23. Qd2 Na6 24. b4 Qc7 25. Rec1 Qb7 26. bxa5 Nc5 27. Bxc5 dxc5 28.
Nxe5 c4 29. Be2 Nxe4 30. Nxe4 Bxe5 31. Rab1 Bf5 32. Bf3 c3 33. Qe3 Rxa5 34. Rb3
Bxe4 35. Qxe4 Bg7 36. Rc2 Qa6 37. Qe7 Rxa3 38. Qxa3 Qb6 39. Qb4 Rb8 40. g3 Qf6
41. Kg2 Qg5 42. Qf4 Qd8 43. Qxf7 b4 44. Be4 Rb6 45. Re2 Qa8 46. Bc2 Rf6 47. Qd7
Qa6 48. Re6 Qa2 49. Rxf6 Qxc2 50. Rf7 Qe4+ 1-0

[Event "European Blitz Championship 2021"]
[Site "Katowice"]
[Date "2021.12.17"]
[Round "8.10"]
[White "Piesik, Piotr"]
[Black "Mica, Marek"]
[Result "0-1"]
[WhiteElo "2336"]
[BlackElo "2055"]
[Annotator "ChessBase"]
[PlyCount "132"]
[EventDate "2021.12.17"]
[EventType "swiss"]
[EventCountry "POL"]
[SourceTitle "playchess.com"]
[Source "ChessBase"]
[SourceQuality "1"]

1. Nf3 d5 2. g3 Bf5 3. Bg2 e6 4. O-O c6 5. d3 h6 6. Nbd2 Nf6 7. Qe1 Bh7 8. e4
Be7 9. Qe2 a5 10. a4 Na6 11. b3 O-O 12. Bb2 Nc5 13. Ne5 Nfd7 14. f4 Nxe5 15.
Bxe5 Bf6 16. Bxf6 Qxf6 17. e5 Qe7 18. Nf3 Rfc8 19. Nd4 Nd7 20. Qf2 Rab8 21. h4
Rc7 22. Bh3 b6 23. Rae1 g6 24. Kh2 Kf8 25. Qf3 Ke8 26. h5 Kd8 27. hxg6 Bxg6 28.
Qg4 h5 29. Qf3 Kc8 30. f5 exf5 31. Nxf5 Bxf5 32. Qxf5 Kb7 33. d4 Nf8 34. Qxh5
Ne6 35. c3 Rg8 36. Rf6 Rg7 37. Ref1 Ng5 38. Bf5 Qe8 39. Kg2 Qg8 40. Qh4 c5 41.
Qf4 c4 42. Rb1 Ne6 43. Bxe6 fxe6 44. b4 Qh7 45. Rb2 axb4 46. Rxb4 Qc2+ 47. Qf2
Qxc3 48. Rb5 Rce7 49. a5 Ka6 50. Rxb6+ Kxa5 51. Rfxe6 Rxe6 52. Rxe6 Qb3 53. Rc6
c3 54. e6 Qb2 55. Rc5+ Kb4 56. Rxd5 Rh7 57. e7 Rh2+ 58. Kxh2 Qxf2+ 59. Kh3 Qf1+
60. Kg4 Qe2+ 61. Kf4 Qxe7 62. Re5 Qf6+ 63. Ke3 Qf1 64. Rc5 Qe1+ 65. Kd3 Qd2+
66. Ke4 c2 0-1

[Event "European Blitz Championship 2021"]
[Site "Katowice"]
[Date "2021.12.17"]
[Round "8.11"]
[White "Jagodzinski, Piotr"]
[Black "Jaskolka, Tomasz"]
[Result "0-1"]
[WhiteElo "2298"]
[BlackElo "2193"]
[Annotator "ChessBase"]
[PlyCount "72"]
[EventDate "2021.12.17"]
[EventType "swiss"]
[EventCountry "POL"]
[SourceTitle "playchess.com"]
[Source "ChessBase"]
[SourceQuality "1"]

1. Nf3 e6 2. b3 f5 3. Bb2 Nf6 4. e3 d6 5. d4 Be7 6. c4 O-O 7. Nc3 a5 8. Qc2 Nc6
9. a3 e5 10. dxe5 dxe5 11. Rd1 Qe8 12. Nd5 Bd8 13. Be2 Be6 14. O-O e4 15. Ng5
Bxd5 16. cxd5 Nxd5 17. Rxd5 Bxg5 18. Bc4 Kh8 19. Rfd1 Bf6 20. Rxf5 Qg6 21. Rb5
Rad8 22. Rbd5 Rde8 23. Bb5 Bxb2 24. Qxb2 h6 25. Rd7 Ne5 26. Rxc7 Re6 27. h3 Qh5
28. Rcc1 Rg6 29. Kf1 Nf3 30. Qc2 Nh2+ 31. Kg1 Nf3+ 32. Kf1 Nh2+ 33. Ke1 Rxg2
34. Qxe4 Rgxf2 35. Rd2 Rf1+ 36. Bxf1 Rxf1# 0-1

[Event "European Blitz Championship 2021"]
[Site "Katowice"]
[Date "2021.12.17"]
[Round "8.11"]
[White "Kowalczyk, Rafal"]
[Black "Pultinevicius, Paulius"]
[Result "0-1"]
[WhiteElo "2252"]
[BlackElo "2546"]
[Annotator "ChessBase"]
[PlyCount "59"]
[EventDate "2021.12.17"]
[EventType "swiss"]
[EventCountry "POL"]
[SourceTitle "playchess.com"]
[Source "ChessBase"]
[SourceQuality "1"]

1. e4 c6 2. d4 d5 3. Nc3 dxe4 4. Nxe4 Nf6 5. Nxf6+ exf6 6. c3 Bd6 7. Bd3 Na6 8.
Ne2 Nc7 9. Qc2 h5 10. O-O Nd5 11. a3 Kf8 12. c4 Ne7 13. b4 g6 14. Bb2 Bc7 15.
Rad1 h4 16. f4 Bf5 17. d5 Bxd3 18. Rxd3 Nf5 19. d6 Bb8 20. c5 Kg7 21. Nc3 Re8
22. Qd2 a5 23. Re1 Rxe1+ 24. Qxe1 axb4 25. axb4 Kf8 26. Ne4 Ra2 27. Bxf6 Qd7
28. Ng5 Ba7 29. Bc3 Ra3 30. Nh7+ 0-1

[Event "European Blitz Championship 2021"]
[Site "Katowice"]
[Date "2021.12.17"]
[Round "8.12"]
[White "Durarbayli, Vasif"]
[Black "Spalir, Jernej"]
[Result "1-0"]
[WhiteElo "2629"]
[BlackElo "2368"]
[Annotator "ChessBase"]
[PlyCount "182"]
[EventDate "2021.12.17"]
[EventType "swiss"]
[EventCountry "POL"]
[SourceTitle "playchess.com"]
[Source "ChessBase"]
[SourceQuality "1"]

1. e4 e5 2. Nf3 Nc6 3. Bb5 a6 4. Ba4 Nf6 5. O-O Be7 6. d3 b5 7. Bb3 d6 8. a4
Bd7 9. Nc3 b4 10. Nd5 a5 11. Re1 O-O 12. c3 Rb8 13. h3 h6 14. d4 Re8 15. Nxe7+
Qxe7 16. d5 Nd8 17. cxb4 axb4 18. a5 c5 19. dxc6 Bxc6 20. Qd3 Ne6 21. Bxe6 Qxe6
22. a6 Bb5 23. Qe3 Ra8 24. a7 Nd7 25. Bd2 Nc5 26. Ra5 Qd7 27. Rea1 Bc4 28. Rxc5
dxc5 29. Qxc5 Be2 30. Qd5 Qxd5 31. exd5 Bxf3 32. gxf3 b3 33. Be3 Red8 34. Ra5
f5 35. f4 exf4 36. Bxf4 Kf7 37. Kf1 Rd7 38. Bb8 Rb7 39. Ke2 Raxb8 40. axb8=Q
Rxb8 41. Ke3 Kf6 42. f4 Rb4 43. Ra6+ Kf7 44. Re6 g5 45. Rxh6 Rxf4 46. d6 Rf1
47. Kd4 f4 48. Ke5 Re1+ 49. Kf5 Rg1 50. Re6 f3 51. Rf6+ Ke8 52. Ke6 Re1+ 53.
Kd5 Re3 54. Kc6 Rd3 55. Kc7 Rd2 56. Rxf3 Rc2+ 57. Rc3 Rxc3+ 58. bxc3 b2 59. d7+
Kf7 60. d8=Q b1=Q 61. Qxg5 Qe4 62. Qh5+ Kf6 63. Qh8+ Kf7 64. Qd4 Qf3 65. h4
Qg3+ 66. Kb7 Qf3+ 67. Kb6 Ke7 68. c4 Qb3+ 69. Kc7 Qg3+ 70. Kc6 Qg6+ 71. Kb7
Qb1+ 72. Kc7 Qb4 73. Qe5+ Kf7 74. Qd5+ Ke7 75. h5 Qa3 76. Qe5+ Kf7 77. Qd5+ Ke7
78. Kb7 Qb3+ 79. Kc8 Qa3 80. c5 Qh3+ 81. Kc7 Qa3 82. Qe5+ Kf7 83. Qd5+ Ke8 84.
Qe6+ Kf8 85. Qf6+ Ke8 86. Qe6+ Kf8 87. Qd6+ Kf7 88. Kb7 Qb3+ 89. Qb6 Qf3+ 90.
c6 Ke6 91. h6 Kd5 1-0

[Event "European Blitz Championship 2021"]
[Site "Katowice"]
[Date "2021.12.17"]
[Round "8.12"]
[White "Zakrzewski, Marek"]
[Black "Poplawski, Maciej"]
[Result "1-0"]
[WhiteElo "2279"]
[BlackElo "1949"]
[Annotator "ChessBase"]
[PlyCount "56"]
[EventDate "2021.12.17"]
[EventType "swiss"]
[EventCountry "POL"]
[SourceTitle "playchess.com"]
[Source "ChessBase"]
[SourceQuality "1"]

1. e4 c6 2. d4 d5 3. Nd2 Nf6 4. e5 Nfd7 5. Nb3 e6 6. Nf3 c5 7. dxc5 Nxc5 8.
Nxc5 Bxc5 9. Bd3 Nc6 10. a3 Qc7 11. b4 Nxe5 12. Bb2 Nxd3+ 13. Qxd3 Bf8 14. O-O
Qc4 15. Qd2 Bd7 16. Ne5 Qc7 17. c4 dxc4 18. Rfc1 b5 19. a4 Rd8 20. axb5 Bxb5
21. Qe3 a6 22. Qe4 Bxb4 23. Nxc4 O-O 24. Qg4 f5 25. Qg5 h6 26. Qh4 Bxc4 27.
Rxc4 Qd7 28. h3 Be7 1-0

[Event "European Blitz Championship 2021"]
[Site "Katowice"]
[Date "2021.12.17"]
[Round "8.13"]
[White "Zgadzaj, Rafal"]
[Black "Wisniewski, Michal"]
[Result "1/2-1/2"]
[WhiteElo "2087"]
[BlackElo "2215"]
[Annotator "ChessBase"]
[PlyCount "160"]
[EventDate "2021.12.17"]
[EventType "swiss"]
[EventCountry "POL"]
[SourceTitle "playchess.com"]
[Source "ChessBase"]
[SourceQuality "1"]

1. c4 Nf6 2. g3 e5 3. Bg2 d5 4. cxd5 Nxd5 5. Nc3 Nb6 6. d3 Be7 7. Bd2 c6 8. Nf3
f6 9. O-O Be6 10. a3 a5 11. Na4 N8d7 12. Rc1 Nxa4 13. Qxa4 Nc5 14. Qc2 Nb3 15.
Be3 Nxc1 16. Rxc1 a4 17. d4 exd4 18. Nxd4 Bf7 19. Nf5 O-O 20. Nxe7+ Qxe7 21.
Bc5 Qe8 22. Bxf8 Qxf8 23. Be4 g6 24. Re1 Bb3 25. Qc3 Rd8 26. Bc2 Qf7 27. e4
Bxc2 28. Qxc2 Qb3 29. Qe2 Qd3 30. Qg4 Qd7 31. Qh4 Qd2 32. Rf1 Qxb2 33. Qf4 Qe5
34. Qe3 Rd4 35. Re1 Qd6 36. e5 Qxe5 37. Qc1 Qd5 38. h4 c5 39. Qe3 Qe5 40. Qc1
Qd5 41. Qe3 Rd1 42. Qe8+ Kg7 43. Qe7+ Kh6 44. Rxd1 Qxd1+ 45. Kh2 Qf3 46. Qxc5
g5 47. hxg5+ fxg5 48. Kg1 Kg6 49. Qb6+ Kg7 50. Qc7+ Kg6 51. Qc2+ Kf6 52. Qxa4
h5 53. Qd4+ Kg6 54. Qd6+ Qf6 55. Qd3+ Kh6 56. Kg2 b6 57. Qe3 Qc6+ 58. Kg1 Kg6
59. Qd3+ Kh6 60. Qe3 Qf6 61. Kg2 Qc6+ 62. Kg1 Qd6 63. Kg2 Qd5+ 64. Kg1 Qc6 65.
Qd3 h4 66. gxh4 gxh4 67. Qe3+ Kg7 68. Kh2 Qf6 69. Kh3 Kg6 70. Qe4+ Kh5 71. Qe2+
Kg5 72. Qe3+ Qf4 73. Qxf4+ Kxf4 74. Kxh4 Kf3 75. Kg5 Kxf2 76. Kf5 Ke3 77. Ke5
Kd3 78. Kd5 Kc3 79. Kc6 Kb3 80. Kxb6 Kxa3 1/2-1/2

[Event "European Blitz Championship 2021"]
[Site "Katowice"]
[Date "2021.12.17"]
[Round "8.14"]
[White "Klekowski, Maciej"]
[Black "Ustianovich, Nazar"]
[Result "0-1"]
[WhiteElo "2499"]
[BlackElo "2278"]
[Annotator "ChessBase"]
[PlyCount "106"]
[EventDate "2021.12.17"]
[EventType "swiss"]
[EventCountry "POL"]
[SourceTitle "playchess.com"]
[Source "ChessBase"]
[SourceQuality "1"]

1. c4 c6 2. Nc3 d5 3. d4 Nf6 4. Nf3 dxc4 5. a4 Bf5 6. e3 e6 7. Bxc4 Bb4 8. Qe2
O-O 9. O-O Nbd7 10. e4 Bg6 11. Ne5 Nb6 12. Nxg6 hxg6 13. e5 Qxd4 14. exf6 Qxc4
15. fxg7 Kxg7 16. Qe5+ f6 17. Qg3 Rad8 18. a5 Nd5 19. Qh3 Rh8 20. Qxe6 Rde8 21.
Bh6+ Kxh6 22. Qh3+ Kg7 23. Qf3 Qf4 24. Qxf4 Nxf4 25. Rfd1 Bxc3 26. Rd7+ Kh6 27.
bxc3 Rh7 28. Rd6 Re6 29. Rd8 Rhe7 30. h4 Ne2+ 31. Kh2 Nxc3 32. Ra3 Nd5 33. h5
g5 34. a6 bxa6 35. Rxa6 Kxh5 36. Rg8 Kh6 37. Ra3 Kh7 38. Ra8 Kg7 39. Rh3 Kg6
40. g4 Nf4 41. Rhh8 Rh7+ 42. Rxh7 Kxh7 43. Rxa7+ Kg6 44. Kg3 Rd6 45. f3 Rd3 46.
Rc7 Rc3 47. Rd7 c5 48. Rc7 Rc1 49. Kf2 c4 50. Ke3 Rc3+ 51. Ke4 Rc1 52. Kd4 c3
53. Ke3 Nd5+ 0-1

[Event "European Blitz Championship 2021"]
[Site "Katowice"]
[Date "2021.12.17"]
[Round "8.14"]
[White "Turski, Bartlomiej"]
[Black "Mis, Mieszko"]
[Result "0-1"]
[WhiteElo "2114"]
[BlackElo "2200"]
[Annotator "ChessBase"]
[PlyCount "68"]
[EventDate "2021.12.17"]
[EventType "swiss"]
[EventCountry "POL"]
[SourceTitle "playchess.com"]
[Source "ChessBase"]
[SourceQuality "1"]

1. e4 g6 2. d4 Bg7 3. Nc3 d6 4. Be3 a6 5. Qd2 b5 6. a3 Nd7 7. f3 Bb7 8. g4 Rc8
9. h4 h6 10. Nge2 e6 11. Ng3 Ne7 12. f4 d5 13. e5 c5 14. dxc5 Nxc5 15. Bd4 Nd7
16. h5 g5 17. Bxb5 Nc6 18. Bxc6 Rxc6 19. O-O-O gxf4 20. Qxf4 Rc4 21. Qe3 Rg8
22. Kb1 Bf8 23. Qf3 Qg5 24. Rhf1 Rg7 25. Be3 Qxg4 26. Bxh6 Qxf3 27. Rxf3 Rxg3
28. Rxg3 Bxh6 29. Rf1 Rh4 30. Rg8+ Nf8 31. Rh8 Bg7 32. Rg8 Bxe5 33. Na4 Rxa4
34. h6 Rh4 0-1

[Event "European Blitz Championship 2021"]
[Site "Katowice"]
[Date "2021.12.17"]
[Round "8.15"]
[White "Swicarz, Maciej"]
[Black "Dragnev, Valentin"]
[Result "1-0"]
[WhiteElo "2131"]
[BlackElo "2548"]
[Annotator "ChessBase"]
[PlyCount "99"]
[EventDate "2021.12.17"]
[EventType "swiss"]
[EventCountry "POL"]
[SourceTitle "playchess.com"]
[Source "ChessBase"]
[SourceQuality "1"]

1. c4 c5 2. Nf3 Nf6 3. Nc3 d5 4. cxd5 Nxd5 5. d4 e6 6. e4 Nxc3 7. bxc3 cxd4 8.
cxd4 Bb4+ 9. Bd2 Bxd2+ 10. Qxd2 O-O 11. Bc4 Nd7 12. O-O b6 13. d5 Nf6 14. dxe6
Bxe6 15. Bxe6 Qxd2 16. Nxd2 fxe6 17. f3 Rfd8 18. Nb3 a5 19. Rfd1 Rxd1+ 20. Rxd1
a4 21. Nd4 Rd8 22. e5 Ne8 23. Kf2 Nc7 24. Ke1 Rd5 25. f4 g5 26. g3 Rc5 27. Rb1
b5 28. Kd2 Kf7 29. Kd3 Ke7 30. fxg5 Kd7 31. Rf1 Rxe5 32. Rf7+ Kd6 33. Rxh7 Rxg5
34. Rxc7 Rd5 35. Rc6+ Kd7 36. Rxe6 b4 37. Rb6 b3 38. axb3 axb3 39. Rxb3 Rh5 40.
h4 Kd6 41. Rb6+ Ke7 42. Ke4 Rh8 43. Nf5+ Kf7 44. g4 Ra8 45. Kf4 Rd8 46. h5 Ra8
47. Rb7+ Kf6 48. g5+ Ke6 49. Re7+ Kd5 50. g6 1-0

[Event "European Blitz Championship 2021"]
[Site "Katowice"]
[Date "2021.12.17"]
[Round "8.15"]
[White "Kaliszuk, Kamil"]
[Black "Krzywda, Andrzej"]
[Result "1-0"]
[WhiteElo "1830"]
[BlackElo "2100"]
[Annotator "ChessBase"]
[PlyCount "155"]
[EventDate "2021.12.17"]
[EventType "swiss"]
[EventCountry "POL"]
[SourceTitle "playchess.com"]
[Source "ChessBase"]
[SourceQuality "1"]

1. e4 c5 2. Nf3 Nc6 3. Bb5 g6 4. O-O Bg7 5. c3 Nf6 6. Re1 O-O 7. d4 d5 8. e5
Ne4 9. Be3 cxd4 10. cxd4 Qb6 11. Bxc6 bxc6 12. Qc1 a5 13. Nfd2 Nxd2 14. Qxd2
Bf5 15. Nc3 Rfb8 16. Na4 Qb5 17. b3 h5 18. Rac1 Bd7 19. Rc5 Qb4 20. Qc1 e6 21.
Bd2 Qxd4 22. Bc3 Qd3 23. Re3 Bh6 24. Rxd3 Bxc1 25. Rxa5 Rxa5 26. Bxa5 Bg5 27.
g3 Be7 28. Rc3 Ra8 29. Bb6 Bb4 30. Rc2 Rc8 31. Bc5 Ba5 32. f4 g5 33. Kf2 Kg7
34. fxg5 Kg6 35. h4 Bc7 36. Bd4 Bb8 37. Ke3 Be8 38. Nc5 Ba7 39. Nd3 Bxd4+ 40.
Kxd4 Ra8 41. a4 Rb8 42. Rb2 Kf5 43. b4 Kg4 44. Rg2 Kf3 45. Ne1+ Kg4 46. Kc5 Ra8
47. a5 Rb8 48. Nd3 Kf3 49. Rf2+ Ke4 50. Nf4 Rb5+ 51. Kd6 Rxb4 52. Ra2 Rb8 53.
a6 d4 54. a7 Ra8 55. Kc7 c5 56. Kb7 Rxa7+ 57. Kxa7 c4 58. Kb6 c3 59. Ne2 Kd3
60. Kc5 c2 61. Nc1+ Kc3 62. Ne2+ Kb3 63. Rxc2 Kxc2 64. Nxd4+ Kd3 65. g6 fxg6
66. Nxe6 Ke4 67. Kd6 Kf5 68. Ng7+ Kg4 69. Nxe8 Kxg3 70. e6 Kxh4 71. Nf6 g5 72.
e7 g4 73. e8=Q g3 74. Qe2 Kh3 75. Qxh5+ Kg2 76. Ne4 Kf1 77. Nxg3+ Kg2 78. Qe2+
1-0

[Event "European Blitz Championship 2021"]
[Site "Katowice"]
[Date "2021.12.17"]
[Round "8.16"]
[White "Nasuta, Grzegorz"]
[Black "Kacprzak, Kacper"]
[Result "0-1"]
[WhiteElo "2377"]
[BlackElo "2245"]
[Annotator "ChessBase"]
[PlyCount "67"]
[EventDate "2021.12.17"]
[EventType "swiss"]
[EventCountry "POL"]
[SourceTitle "playchess.com"]
[Source "ChessBase"]
[SourceQuality "1"]

1. e4 c5 2. Nf3 d6 3. Bb5+ Bd7 4. Bxd7+ Qxd7 5. c4 Nf6 6. Nc3 g6 7. d4 cxd4 8.
Nxd4 Bg7 9. f3 O-O 10. Be3 Rc8 11. b3 a6 12. Qd3 Nc6 13. O-O b5 14. cxb5 Ne5
15. Qd2 d5 16. Nc6 Nxc6 17. bxc6 Rxc6 18. Nxd5 Nxd5 19. exd5 Rd6 20. Rad1 Rd8
21. Qa5 Rxd5 22. Rxd5 Qxd5 23. Qxa6 Ra8 24. Qb6 Be5 25. f4 Bd6 26. a4 Rb8 27.
Qd4 Qxb3 28. Bd2 Rc8 29. Qa1 Qd3 30. Qe1 Rc2 31. Be3 Re2 32. Qc1 Rxe3 33. Rd1
Qe4 34. Rd2 0-1